Movies by Picture - B - Statistics

General Stats
  • This quiz has been taken 1,005 times
  • The average score is 11 of 16
Answer Stats
Picture Answer % Correct
Barbie
99%
Beauty and the Beast
97%
Back to the Future
95%
Beetlejuice
91%
Bohemian Rhapsody
87%
Black Panther
86%
Black Swan
86%
Braveheart
76%
Babe
70%
The Breakfast Club
65%
The Blair Witch Project
56%
The Big Lebowski
52%
Ben-Hur
47%
Blade Runner
46%
A Beautiful Mind
42%
Bonnie and Clyde
26%
No matching quizzes found
Score Distribution
Percent of People with Each Score
Percentile by Number Answered
Your Score History
You have not taken this quiz